00407nam a2200133 a 450000500170000000800410001705000220005810000210008024500820010126000340018330000170021765000230023465000160025720140414093841.0071009s19uu xx uuu eng d aVCD 570bROG 2004 aRogers, Craig W. aThe ultimate guide to the awesome :bhuman body /cProducer: Craig W. Rogers. aSl :bDiscovery Kids,cc2004. a1 video disk aFilm (documentary) aHuman body.